| 000 | 00591nam a22001817a 4500 | ||
|---|---|---|---|
| 999 |
_c184048 _d184048 |
||
| 005 | 20220112111945.0 | ||
| 010 | _aENG-131071 | ||
| 020 |
_a978-93-52-534-906 _c1165.00 |
||
| 035 | _aEN-114603 | ||
| 037 | _bDBAD | ||
| 082 | _a530 | ||
| 100 | _aVivekanandan, P. | ||
| 245 |
_aISC PHYSICS BOOK II: _cP. Vivekanandan, Anand V. Karthik, D.K. Banerjee _bfor Class XII/ |
||
| 260 |
_aNew Delhi _bS Chand School Books _c2013 |
||
| 270 |
_bNew Delhi _aA-27, 2nd Floor, Mohan Co-operative Industrial Estate _e110044 |
||
| 300 |
_a1462p. _c24cm(pbk) |
||
| 942 |
_2ddc _cEN _h530 _mVIV |
||